[Event "FESTIVAL DE AJEDREZ DE ROQUETAS DE MAR |"]
[Site "Hotel Bahia Serena (Roquetas d"]
[Date "2013.01.05"]
[Round "6"]
[White "NIKOLOV, Momchil"]
[Black "CRUZ RAVINA, Francisco Javier"]
[Result "1-0"]
[WhiteElo "2545"]
[BlackElo "2335"]
[PlyCount "93"]
[EventDate "2013.01.02"]
[EventRounds "9"]
[EventCountry "ESP"]

1. d4 e6 2. c4 c5 3. d5 exd5 4. cxd5 d6 5. Nc3 a6 6. a4 Ne7 7. Nf3 Ng6 8. g3
Be7 9. Bg2 O-O 10. Nd2 Nd7 11. O-O h5 12. Rb1 h4 13. b4 hxg3 14. hxg3 Nge5 15.
bxc5 Nxc5 16. Nb3 Nxb3 17. Qxb3 f5 18. e3 Qe8 19. Ne2 Qh5 20. f3 Qg6 21. Bb2
Nd7 22. Bd4 Bf6 23. Kf2 Bxd4 24. exd4 Re8 25. a5 Nf6 26. Nf4 Qf7 27. Rfe1 Bd7
28. Qxb7 Bb5 29. Qxf7+ Kxf7 30. Bf1 g5 31. Rxe8 Rxe8 32. Bxb5 axb5 33. Nd3 Nxd5
34. Rxb5 Nc3 35. Rxf5+ Kg6 36. g4 Re2+ 37. Kf1 Rd2 38. Nf2 Rxd4 39. Nh3 d5 40.
Rxg5+ Kf7 41. Rf5+ Ke7 42. Nf4 Rd1+ 43. Kf2 Kd6 44. a6 Kc5 45. g5 Ra1 46. g6
Nd1+ 47. Ke2 1-0

[Event "FESTIVAL DE AJEDREZ DE ROQUETAS DE MAR |"]
[Site "Hotel Bahia Serena (Roquetas d"]
[Date "2013.01.05"]
[Round "6"]
[White "PEREZ MITJANS, Orelvis"]
[Black "KOVACEVIC, Slobodan"]
[Result "1-0"]
[WhiteElo "2496"]
[BlackElo "2326"]
[PlyCount "83"]
[EventDate "2013.01.02"]
[EventRounds "9"]
[EventCountry "ESP"]

1. e4 c5 2. Nf3 e6 3. c3 Nc6 4. d4 d5 5. e5 Nge7 6. Bd3 cxd4 7. cxd4 Nf5 8. Be3
Qb6 9. Qd2 Bd7 10. O-O Be7 11. Nc3 Nxe3 12. fxe3 O-O 13. Qc2 g6 14. a3 Rac8 15.
Rf2 Na5 16. Raf1 Kg7 17. h4 Qd8 18. g3 b5 19. Qc1 a6 20. e4 Bc6 21. Qf4 h6 22.
exd5 Bxd5 23. Nh2 h5 24. Ne4 Nc6 25. Nf6 Bc4 26. Bxc4 bxc4 27. Rd2 Bxf6 28.
exf6+ Kh7 29. g4 Qd5 30. Nf3 Rh8 31. gxh5 Qxh5 32. Rg2 Qf5 33. Qg3 Kg8 34. Ne5
Qe4 35. Rf4 Qb1+ 36. Kh2 Nxe5 37. dxe5 Rh5 38. Rd4 Rb8 39. Rxc4 Rxb2 40. Rc8+
Kh7 41. Rc7 Rb7 42. Rg1 1-0

[Event "FESTIVAL DE AJEDREZ DE ROQUETAS DE MAR |"]
[Site "Hotel Bahia Serena (Roquetas d"]
[Date "2013.01.05"]
[Round "7"]
[White "NARCISO DUBLAN, Marc"]
[Black "ROY CHOWDHURY, Saptarshi"]
[Result "1-0"]
[WhiteElo "2549"]
[BlackElo "2451"]
[PlyCount "75"]
[EventDate "2013.01.02"]
[EventRounds "9"]
[EventCountry "ESP"]

1. d4 Nf6 2. c4 d6 3. Nc3 Bf5 4. g3 c6 5. Bg2 Bg6 6. e4 Nbd7 7. Nge2 e5 8. O-O
Be7 9. h3 O-O 10. Be3 exd4 11. Qxd4 Ne8 12. Rad1 f5 13. Nf4 Bf6 14. Qd2 Qe7 15.
exf5 Bxf5 16. Ncd5 Qf7 17. Nxf6+ Ndxf6 18. b3 a5 19. Rfe1 Ne4 20. Qb2 Ng5 21.
h4 Ne6 22. Nxe6 Bxe6 23. Bf4 Rd8 24. Rd2 a4 25. Rde2 Bc8 26. Re7 Qg6 27. Qd4
axb3 28. axb3 h6 29. b4 Nf6 30. Bxd6 Ng4 31. c5 Nxf2 32. Qc4+ Kh7 33. Be5 Rd7
34. Rxd7 Bxd7 35. Rf1 Re8 36. Qd4 Nh3+ 37. Kh2 Qg4 38. Rf7 1-0

[Event "FESTIVAL DE AJEDREZ DE ROQUETAS DE MAR |"]
[Site "Hotel Bahia Serena (Roquetas d"]
[Date "2013.01.05"]
[Round "7"]
[White "MIRZOEV, Azer"]
[Black "DEL REY, Diego"]
[Result "1-0"]
[WhiteElo "2547"]
[BlackElo "2383"]
[PlyCount "119"]
[EventDate "2013.01.02"]
[EventRounds "9"]
[EventCountry "ESP"]

1. d4 Nf6 2. Nf3 g6 3. g3 Bg7 4. Bg2 O-O 5. O-O d5 6. c4 dxc4 7. Na3 Nc6 8.
Nxc4 Be6 9. b3 Bd5 10. Bb2 a5 11. Rc1 Ra6 12. a3 Qa8 13. e3 Rd8 14. Qe2 a4 15.
b4 Na7 16. Nce5 Rc8 17. Nd3 Rd6 18. Nc5 b5 19. Rfd1 Rdd8 20. h4 Ne4 21. h5 Nf6
22. hxg6 hxg6 23. Rc2 Ne4 24. Rdc1 Nxc5 25. Rxc5 Qb7 26. Ne1 Bxg2 27. Nxg2 c6
28. Ne1 Rd6 29. Nf3 Qd7 30. Kg2 Rd5 31. e4 Rxc5 32. Rxc5 Qe6 33. Ne5 Bxe5 34.
Rxe5 Qd7 35. Qf3 f6 36. Rc5 Kf7 37. g4 Rf8 38. e5 Kg8 39. d5 cxd5 40. exf6 exf6
41. Bxf6 Nc6 42. g5 Ne7 43. Qg3 Nf5 44. Qh3 Qh7 45. Qxh7+ Kxh7 46. Rxd5 Rb8 47.
Rd7+ Kg8 48. Kf3 Rb6 49. Ke4 Nd6+ 50. Kd5 Nc4 51. Kc5 Kf8 52. f4 Re6 53. Kxb5
Nxa3+ 54. Kxa4 Ra6+ 55. Kb3 Nb5 56. Be5 Ke8 57. Rb7 Na7 58. b5 Ra5 59. Kb4 Ra2
60. Kc5 1-0

[Event "FESTIVAL DE AJEDREZ DE ROQUETAS DE MAR |"]
[Site "Hotel Bahia Serena (Roquetas d"]
[Date "2013.01.05"]
[Round "7"]
[White "DAS, Arghyadip"]
[Black "NIKOLOV, Momchil"]
[Result "1-0"]
[WhiteElo "2466"]
[BlackElo "2545"]
[PlyCount "67"]
[EventDate "2013.01.02"]
[EventRounds "9"]
[EventCountry "ESP"]

1. e4 c5 2. Nf3 e6 3. d4 cxd4 4. Nxd4 Qb6 5. Nb3 Qc7 6. Bd3 Nf6 7. O-O Nc6 8.
f4 d6 9. Be3 a6 10. N1d2 Rb8 11. a4 b6 12. c3 Be7 13. Qe2 Qb7 14. Nd4 O-O 15.
b4 Nxd4 16. Bxd4 Qc7 17. e5 Nd7 18. Rae1 a5 19. exd6 Qxd6 20. Nc4 Qc7 21. Bxh7+
Kxh7 22. Qh5+ Kg8 23. Bxg7 Kxg7 24. Qg4+ Kh8 25. Re3 Nf6 26. Rh3+ Nh7 27. Rxh7+
Kxh7 28. Rf3 Qd8 29. Rh3+ Bh4 30. Rxh4+ Qxh4 31. Qxh4+ Kg7 32. Qg5+ Kh7 33. Ne5
Rb7 34. Ng4 1-0

[Event "FESTIVAL DE AJEDREZ DE ROQUETAS DE MAR |"]
[Site "Hotel Bahia Serena (Roquetas d"]
[Date "2013.01.05"]
[Round "7"]
[White "CAMACHO COLLADOS, Marcos"]
[Black "KHAMRAKULOV, Ibragim S"]
[Result "0-1"]
[WhiteElo "2428"]
[BlackElo "2509"]
[PlyCount "79"]
[EventDate "2013.01.02"]
[EventRounds "9"]
[EventCountry "ESP"]

1. e4 c5 2. Nf3 e6 3. g3 Nc6 4. Bg2 Nge7 5. O-O g6 6. d4 cxd4 7. Nxd4 Bg7 8.
Nb5 d5 9. exd5 exd5 10. Bf4 O-O 11. N1c3 d4 12. Ne4 Nd5 13. Bd6 Nde7 14. c3 Bf5
15. cxd4 Bxe4 16. Bxe4 Nxd4 17. Nxd4 Qxd6 18. Nc6 Nf5 19. Na5 Qb4 20. Bxf5 gxf5
21. Qd5 f4 22. Rad1 fxg3 23. fxg3 Qb6+ 24. Kh1 Rad8 25. Qg5 Rxd1 26. Rxd1 Qxb2
27. Rd8 Qa1+ 28. Kg2 Qxa2+ 29. Kg1 Qb1+ 30. Kg2 Qe4+ 31. Kh3 Qg6 32. Rxf8+ Bxf8
33. Qb5 a6 34. Qa4 b6 35. Nb3 b5 36. Qd4 Qe6+ 37. Kg2 Qxb3 38. Qg4+ Kh8 39.
Qd4+ f6 40. Qxf6+ 0-1

[Event "FESTIVAL DE AJEDREZ DE ROQUETAS DE MAR |"]
[Site "Hotel Bahia Serena (Roquetas d"]
[Date "2013.01.05"]
[Round "7"]
[White "JANEV, Tihomir"]
[Black "PEREZ MITJANS, Orelvis"]
[Result "1/2-1/2"]
[WhiteElo "2413"]
[BlackElo "2496"]
[PlyCount "137"]
[EventDate "2013.01.02"]
[EventRounds "9"]
[EventCountry "ESP"]

1. d4 Nf6 2. c4 g6 3. Nc3 Bg7 4. e4 d6 5. Nf3 O-O 6. h3 c5 7. d5 b5 8. cxb5 a6
9. a4 axb5 10. Bxb5 Ba6 11. Be3 Qa5 12. O-O Nbd7 13. Ra3 Rfb8 14. Nd2 Qd8 15.
Nc4 Ne8 16. Bxa6 Rxa6 17. Qc2 Nc7 18. Rb1 Qe8 19. Nb5 Qc8 20. b4 Nxb5 21. axb5
Rxb5 22. bxc5 Rxb1+ 23. Qxb1 Rxa3 24. Nxa3 Nxc5 25. Qc2 h5 26. Kh2 Qb8 27. Nc4
Qb4 28. Bd2 Qb5 29. Bg5 Kf8 30. Be3 Bh8 31. e5 Nb7 32. Qe4 dxe5 33. Nxe5 Nd6
34. Nxg6+ fxg6 35. Bh6+ Ke8 36. Qxg6+ Kd8 37. Qxh5 Qc4 38. Qg5 Bf6 39. Qg8+ Kc7
40. g3 Qe4 41. Qa8 Nb7 42. Bf4+ Be5 43. Bxe5+ Qxe5 44. Qe8 Qf6 45. Kg1 Nc5 46.
Qb5 Nd7 47. Kg2 Nb6 48. h4 Qd4 49. Qa5 Kd7 50. Qa7+ Ke8 51. h5 Qxd5+ 52. f3 Nd7
53. g4 Ne5 54. Qa4+ Kf8 55. Qf4+ Nf7 56. Kg3 Qc5 57. Kg2 Qc2+ 58. Kg3 Qc5 59.
Kg2 Kg7 60. Qe4 Qg5 61. Qe6 Qd2+ 62. Kg3 Qd6+ 63. Qxd6 exd6 64. f4 Kf6 65. g5+
Kf5 66. Kf3 Nd8 67. h6 Nf7 68. Ke3 Nh8 69. Kd4 1/2-1/2

[Event "FESTIVAL DE AJEDREZ DE ROQUETAS DE MAR |"]
[Site "Hotel Bahia Serena (Roquetas d"]
[Date "2013.01.05"]
[Round "7"]
[White "BELEZKY, Alexander"]
[Black "RZAYEV, Bahruz"]
[Result "1/2-1/2"]
[WhiteElo "2427"]
[BlackElo "2370"]
[PlyCount "51"]
[EventDate "2013.01.02"]
[EventRounds "9"]
[EventCountry "ESP"]

1. Nf3 Nc6 2. d4 d5 3. Bf4 Bg4 4. Nbd2 Nf6 5. h3 Bh5 6. e3 e6 7. c3 Bd6 8. Bxd6
Qxd6 9. Be2 O-O 10. O-O e5 11. dxe5 Nxe5 12. Nxe5 Bxe2 13. Qxe2 Qxe5 14. Nf3
Qe7 15. c4 Rad8 16. Rfd1 c5 17. cxd5 Nxd5 18. Rd2 Nf6 19. Rad1 Ne4 20. Rd5 Rxd5
21. Rxd5 Nf6 22. Rd2 Ne4 23. Rd5 Nf6 24. Rd2 Ne4 25. Rd5 Nf6 26. Rd2 1/2-1/2

[Event "FESTIVAL DE AJEDREZ DE ROQUETAS DE MAR |"]
[Site "Hotel Bahia Serena (Roquetas d"]
[Date "2013.01.05"]
[Round "7"]
[White "GONZALEZ PEREZ, Arian"]
[Black "RUIZ SANCHEZ, Miguel Angel"]
[Result "1-0"]
[WhiteElo "2473"]
[BlackElo "2245"]
[PlyCount "55"]
[EventDate "2013.01.02"]
[EventRounds "9"]
[EventCountry "ESP"]

1. e4 e6 2. d4 d5 3. Nc3 Bb4 4. e5 c5 5. a3 Bxc3+ 6. bxc3 Qa5 7. Bd2 Qa4 8. Qg4
Kf8 9. c4 Nc6 10. dxc5 Qxc2 11. Nf3 Qb2 12. Rc1 Nxe5 13. Qg3 f6 14. Be2 Ne7 15.
Nxe5 Qxe5 16. Bf4 Qb2 17. cxd5 e5 18. Bd2 Nxd5 19. Qd3 Be6 20. Rb1 Qd4 21. Qxd4
exd4 22. Rxb7 Bc8 23. Rb2 Kf7 24. O-O Re8 25. Bb5 Re6 26. Bc4 Re5 27. f4 Rh5
28. f5 1-0